| 000 | 00483nam a2200193Ia 4500 | ||
|---|---|---|---|
| 005 | 20250423095453.0 | ||
| 008 | 250422s9999 xx 000 0 und d | ||
| 020 | _a9789789339907 | ||
| 050 | _aH 62.5 .E46/ | ||
| 100 | _aEmmanuel Yusuf | ||
| 245 | 0 | _aFundamentals of research methodology | |
| 250 | _a1st ed. | ||
| 260 | _aKaduna, Nigeria | ||
| 260 | _bSunjo A.J. Global Links Ltd. | ||
| 260 | _c2013 | ||
| 300 | _a194 p | ||
| 650 | _aResearch--Methodology. | ||
| 942 | _cBK | ||
| 999 |
_c30371 _d30371 |
||